Представление документа в формате RUSMARC

ПолеНазваниеЗначение
  Тип записи a
  Библиографический уровень m
001 Контрольный номер e08e49e9bbdb4748b2a5a3c4d98572d1
005 Дата корректировки 20200127154028.2
010 Индекс ISBN __
a ISBN 978-5-394-03132-8
101 Язык документа 0_
a Язык текста rus
102 Страна публикации __
a Страна публикации RU
200 Заглавие и сведения об ответственности 1_
b Общее обозначение материала Текст
e Сведения, относящиеся к заглавию моногр.
f Первые сведения об ответственности Г. Г. Иванов, А. О. Зверева
a Заглавие Развитие торговых организаций в современной экономике
210 Выходные данные 1_
a Место издания Москва
c Издательство Дашков и К
d Дата издания 2018
215 Физическое описание __
a Объем 160 с.
330 Аннотация __
a Аннотация В монографии рассматриваются вопросы, обуславливающие развитие торговли в современных условиях. Дается характеристика как самого процесса развития, так и средств, применяемых торговыми организациями для обеспечения положительной динамики развития. Рассмотрены вопросы типизации, определены характеристики разных форматов торговых организаций. Изложена экономическая и правовая проблематика создания и функционирования объединений в торговле. Показана роль объединений как одного из средств развития торговли. Значительное внимание в монографии уделено рассмотрению и анализу конкурентных преимуществ торговых сетей, показаны источники их быстрого роста. Для студентов и аспирантов высших учебных заведений торгового профиля, а также для практических работников торговли.
610 Ключевые слова 0_
a Ключевые слова монография
610 Ключевые слова 0_
a Ключевые слова экономика
610 Ключевые слова 0_
a Ключевые слова торговые организации
610 Ключевые слова 0_
a Ключевые слова торговые сети
686 Индексы других классификаций __
a Классификационный индекс 65.422
700 Автор _1
a Фамилия Иванов
b Имя Г. Г.
g Полное личное имя Геннадий Геннадьевич
701 Альтернативная интеллектуальная ответственность _1
a Фамилия Зверева
b Имя А. О.
e Роль лиц Автор
4 Код отношения 070
801 Источник записи _0
a Страна RU
b Организация РУК
c Дата составления 20200127
g Правила каталогизации PSBO
801 Источник записи _1
a Страна RU
b Организация РУК
g Правила каталогизации PSBO
852 Данные о местонахождении __
i Авторский знак И 20
j Шифр хранения 65.422
901 Тип документа __
t Тип документа m
937 Технологическая информация __
a Создатель записи (имя) Мясникова
938 Служебная информация __
a Название организации Головной вуз
952 Тип литературы __
c Вид литературы монография